书目信息 |
| 题名: |
黑格尔哲学讲演录
|
|
| 作者: | 邓晓芒 著 | |
| 分册: | ||
| 出版信息: | 北京 商务印书馆 2020.06 |
|
| 页数: | 283页 | |
| 开本: | 20cm | |
| 丛书名: | ||
| 单 册: | ||
| 中图分类: | B516.35 | |
| 科图分类: | ||
| 主题词: | 哲学--欧洲 | |
| 电子资源: | ||
| ISBN: | 978-7-100-18275-1 | |
| 000 | 00557nam0 2200193 45 | |
| 001 | 2156476254 | |
| 005 | 20210329154224.07 | |
| 010 | @a978-7-100-18275-1@dRMB 48.00 | |
| 100 | @a20210329d2020 km y0chiy0120 ea | |
| 101 | 0 | @achi |
| 102 | @aCN@b110000 | |
| 200 | 1 | @a黑格尔哲学讲演录@Ahei ge er zhe xue jiang yan lu@f邓晓芒著@Fdeng xiao mang zhu |
| 210 | @a北京@c商务印书馆@d2020.06 | |
| 215 | @a283页@d20cm | |
| 606 | 0 | @a哲学@x欧洲 |
| 690 | @aB516.35@v4 | |
| 701 | 0 | @a邓晓芒@Adeng xiao mang@4著 |
| 801 | 0 | @aCN@bPFT@c20210329 |
| 905 | @a10447@dB516.35@eD324 | |
| 黑格尔哲学讲演录/邓晓芒著.-北京:商务印书馆,2020.06 |
| 283页;20cm |
| ISBN 978-7-100-18275-1:RMB 48.00 |
| ● |
| 相关链接 |
|
|
|
正题名:黑格尔哲学讲演录
索取号:B516.35/D324
 
预约/预借
| 序号 | 登录号 | 条形码 | 馆藏地/架位号 | 状态 | 备注 |
| 1 | 1498603 | 214986032 | 生命科学与工程学院资料室/ [索取号:B516.35/D324] | 在馆 |